000 00564nam a2200169 a 4500
001 000007184
005 20200929154105.0
008 090907s1996 xx a 000 0 spa d
040 _aDO-SdBNP
_bspa
_cBNPHU
082 _axxxx
_bH532b
100 1 _aHerasme A., Rafael L.,
_d1960-
_919947
245 1 0 _aBarbacoa /
_cRafael L. Herasme A., Ysabelle Herasme A. ; prólogo Luis Ferreras Rivas.
260 _aSanto Domingo :
_bSerigraf,
_c1996.
300 _a128 p. :
_bil. ;
_c22 cm.
700 1 _aHerasme A., Ysabelle
_919948
700 1 _aFerreras Rivas, Luis,
_epról.
_919949
999 _c6965
_d6965